LEADER 01868nam 2200553Ia 450 001 9910452442703321 005 20200520144314.0 010 $a1-61300-062-6 035 $a(CKB)2550000000106916 035 $a(EBL)3116796 035 $a(SSID)ssj0000720606 035 $a(PQKBManifestationID)11467342 035 $a(PQKBTitleCode)TC0000720606 035 $a(PQKBWorkID)10668882 035 $a(PQKB)11260249 035 $a(MiAaPQ)EBC3116796 035 $a(Au-PeEL)EBL3116796 035 $a(CaPaEBR)ebr10572618 035 $a(OCoLC)802059770 035 $a(EXLCZ)992550000000106916 100 $a20061107d2006 uy 0 101 0 $aeng 135 $aur|n|---||||| 181 $ctxt 182 $cc 183 $acr 200 10$aFilter operations field guide$b[electronic resource] /$fNicholas G. Pizzi 210 $aDenver, CO $cAmerican Water Works Association$dc2006 215 $a1 online resource (58 p.) 225 1 $aScience and technology 300 $aDescription based upon print version of record. 311 $a1-58321-443-7 320 $aIncludes bibliographical references (p. 57). 327 $a""COVER ""; ""CHAPTER 1 Regulations and Theory""; ""CHAPTER 2 Operations""; ""CHAPTER 3 Filter Design and Backwash Criteria""; ""CHAPTER 4 Inspection and Maintenance""; ""APPENDIX Filter Terminology""; ""References"" 410 0$aScience and technology. 606 $aWater$xPurification$xFiltration 606 $aWater-supply engineering 608 $aElectronic books. 615 0$aWater$xPurification$xFiltration. 615 0$aWater-supply engineering. 676 $a628.1/64 700 $aPizzi$b Nicholas G$0611414 801 0$bMiAaPQ 801 1$bMiAaPQ 801 2$bMiAaPQ 906 $aBOOK 912 $a9910452442703321 996 $aFilter operations field guide$92131111 997 $aUNINA LEADER 01130nam a22002533i 4500 001 991003953269707536 005 20040706070350.0 008 040802s1973 it a||||||||||||||||ita 035 $ab1315168x-39ule_inst 035 $aARCHE-110429$9ExL 040 $aBiblioteca Interfacoltà$bita$cA.t.i. Arché s.c.r.l. Pandora Sicilia s.r.l. 082 04$a871.2 100 1 $aMontorsi, William$0318647 245 12$aL'epigrafe modenese di Liutprando e l'esametro ritmico longobardo /$cWilliam Montorsi 260 $aModena :$bAedes Muratoriana,$c1973 300 $a173 p. :$bill. ;$c25 cm 440 0$aBiblioteca [della] Deputazione di storia patria per le antiche provincie modenesi.$nNuova serie ;$v24 600 04$aLiutprando$c(Re dei Longobardi)$xEpigrafe di Cittanova 907 $a.b1315168x$b02-04-14$c05-08-04 912 $a991003953269707536 945 $aLE002 Lat. III E 14$g1$i2002000405524$lle002$nC. 1$o-$pE0.00$q-$rl$s- $t0$u0$v0$w0$x0$y.i13789909$z05-08-04 996 $aEpigrafe modenese di Liutprando e l'esametro ritmico longobardo$9310855 997 $aUNISALENTO 998 $ale002$b05-08-04$cm$da $e-$fita$git $h2$i1 LEADER 01689oam 2200433zu 450 001 9910142237703321 005 20210807000308.0 010 $a0-7381-0875-8 035 $a(CKB)1000000000035868 035 $a(SSID)ssj0000996504 035 $a(PQKBManifestationID)12346490 035 $a(PQKBTitleCode)TC0000996504 035 $a(PQKBWorkID)10978433 035 $a(PQKB)11748908 035 $a(WaSeSS)IndRDA00077732 035 $a(NjHacI)991000000000035868 035 $a(EXLCZ)991000000000035868 100 $a20160829d1998 uy 101 0 $aeng 135 $aur||||||||||| 181 $ctxt 182 $cc 183 $acr 200 00$a1998 IEEE Recommended Practice for Routine Impulse Test for Distribution Transformers 210 31$a[Place of publication not identified]$cIEEE$d1998 215 $a1 online resource (50 pages) 300 $aBibliographic Level Mode of Issuance: Monograph 311 $a0-7381-0176-1 330 $aGeneral test procedures for performing routine quality control test that is suitable for high-volume, production line testing. Transformer connections, test methods, circuit configurations, and failure detection methods are addressed. This recommended practice covers liquid-immersed, single-and three-phase distribution transformers. 606 $aElectric transformers$xStandards 606 $aStandards, Engineering 615 0$aElectric transformers$xStandards. 615 0$aStandards, Engineering. 676 $a621.314 801 0$bPQKB 906 $aDOCUMENT 912 $a9910142237703321 996 $a1998 IEEE Recommended Practice for Routine Impulse Test for Distribution Transformers$92806676 997 $aUNINA